000 00352nam a2200133Ia 4500
008 151213s9999 xx 000 0 und d
245 _aStatistical Year Book Of Bangladesh - 1992
250 _a13th
260 _aDhaka
_bBangladesh Burcaouncil Of Statisrtics
_c1993
300 _a3482 p.
650 _aReference
650 _aReference
999 _c2305
_d2305